000 01840nam a22003617i 4500
003 DO-SdBNP
005 20250606144543.0
007 ta
008 250528b2007 dr a|||| |||| 00| 0 spa d
020 _a9789945224030
040 _aDO-SdBNP
_bspa
_cBNPHU
_erda
041 _aspa
082 4 _aRD863.44
_bB142s
_222
100 1 _aBáez Guerrero, José
_eautor
_4aut.
_987775
245 1 0 _aSiete gotas de arena :
_bSeven gotas de sable = Sept drops de arena /
_cJosé Báez Guerrero ; cuidado de edición, Sotolongo Armstrong ; ilustraciones, Lobo di Riprogettazione dei Dominio Publico.
246 _aSeven gotas de sable
246 _aSept drops de arena
250 _aPrimera edición trilingüe
264 4 _aSanto Domingo :
_bArte Tuto,
_bEditora Búho,
_c©2024.
300 _a270 páginas :
_bilustraciones ;
_c21 cm
336 _ardacontent
_btexto
_2txt
337 _ardamedia
_bsin mediación
_2n
338 _ardacarrier
_bvolumen
_2nc
500 _aSiete gouttes of sand.
505 _aSucedáneo de prólogo por Justiniano Pargoseco 9 -- Explicación (o exculpación) 37 -- Cuento del fin del mundo 39 -- Duda 49 -- Proeza de Livánder 53 -- Palo Hincado 61 -- El sable 69 --Siete gota de arena 79 -- El espía 87 -
520 _aSiete cuentos acerca de la finitud de la vida, las dudas sobre la fidelidad, los temores ante los cambios de las esencias humanas por el avance de la ciencia, las incomprensiones entre distintas culturas, las similitudes del enamoramiento con las conquistas militares, la salvadora ingenuidad de pueblos sencillos y una aventura de espionaje.
590 _aInventariado, 2025/DG
650 4 _aCuentos dominicanos
_97308
650 0 _aLiteratura dominicana.
_967
700 1 _aArmstrong, Sotolongo
_eeditor
_4ed.
_973435
910 _aDG. Validado Control de Calidad/MAA
942 _2ddc
_cLBS1
999 _c58645
_d58645